Formel-1 Fahrer die mit Mclaren die Konstrukteurs-WM gewannen - Statistiken

Allgemein
  • Dieses Quiz wurde 28 mal gespielt
  • Das Durchschnittsergebnis liegt bei 15 aus 20
Antwortstatistiken
Jahr Fahrer % Korrekt
2025 Lando Norris
96%
2024 Lando Norris
96%
2025 Oscar Piastri
92%
2024 Oscar Piastri
92%
1991 Ayrton Senna
85%
1990 Ayrton Senna
85%
1989 Ayrton Senna
85%
1988 Ayrton Senna
85%
1998 Mika Häkkinen
85%
1989 Alain Prost
77%
1988 Alain Prost
77%
1985 Alain Prost
77%
1984 Alain Prost
77%
1998 David Coulthard
73%
1985 Niki Lauda
73%
1984 Niki Lauda
73%
1974 Emerson Fittipaldi
46%
1991 Gerhard Berger
35%
1900 Gerhard Berger
35%
1974 Denny Hulme
15%
Keine übereinstimmenden Quizze gefunden
Verteilung der Resultate
Anzahl Personen mit jedem Resultat
Perzentil nach korrekt beantworteten Fragen
Ihre Resultats-Entwicklung
Sie haben dieses Quiz noch nicht gespielt